| 000 | 00719nam a2200205 a 4500 | ||
|---|---|---|---|
| 001 | 000034757 | ||
| 005 | 20200930073902.0 | ||
| 008 | 111019s1963 sp 000 0 spa d | ||
| 040 |
_aDO-SdBNP _bspa _cBNPHU |
||
| 082 |
_a923.245 _bS145L |
||
| 100 | 1 |
_aSaint-Laurent, Cecil, _d1919-2000 _960237 |
|
| 240 | 1 | 0 |
_aLucrece Borgia _lespañol |
| 245 | 1 | 0 |
_aLucrecia Borgia / _cCecil Saint-Laurent ; traducción Angel Cuesta. |
| 260 |
_aBarcelona : _bEdiciones G. P., _c1963. |
||
| 300 |
_a503 p. ; _c19 cm. |
||
| 500 | _aTraducido del francés | ||
| 590 | _aPerteneció a la biblioteca personal de Juan Isidro Jimenes Grullón. | ||
| 600 | 1 | 4 |
_aBORGIA, LUCREZIA, _d1480-1519 _960238 |
| 910 | _aValidado. Control de calidad MFF | ||
| 999 |
_c34248 _d34248 |
||